LOADING TESTS OF A TWO-DRUM BELT CONVEYOR DRIVE

Bibliographic Details
Main Author: Lutyński, Aleksander (Author)
Format: Article
Language:English

MARC

LEADER 00000naa a2200000uu 4500
001 vtls010957155
003 SK-MaSNL
005 20260302130154.0
008 210905|1997 xo |||||||||||||||||eng|
015 |a SNBRA 
035 |a (urnnbn)urn:nbn:sk:snk:ar-a0boqc 
035 |a (uuid)5feebe0a-7d68-4d7b-8605-ce58598f7f95 
035 |a urn:nbn:sk:snk-aaugh3 
040 |a SNKBUCL  |b slo  |c SNKBUCL  |e AACR2 
041 0 |a eng 
044 |a xo  |c SK 
100 1 |a Lutyński, Aleksander  |4 aut  |9 806180 
245 1 0 |a LOADING TESTS OF A TWO-DRUM BELT CONVEYOR DRIVE  |c Aleksander Lutyński 
773 0 |t Vývojové trendy v mechanizačnej a dopravnej technike pri ťažbe nerastných surovín  |d Košice : Štroffek, 1997  |g S. 170-172  |z 8088896053 
958 |a OND 
958 |a article11 
958 |a chapter 
999 |c 1297721  |d 1299651